000 00960nam a2200241 a 4500
001 000002318
003 DO-SdBNP
005 20250425124145.0
008 090701s2007 dr c 001 0 spa d
040 _aDO-SdBNP
_bspa
_cBNPHU
082 4 _a972.9373
_bS237m
_222
100 1 _aSantos, Julio Antonio
_97362
245 1 4 _aMomentos inolvidables, los Sánchez y los Santos de El Carretón /
_cJulio Antonio Santos ; corrector de estilo Francis de la Rosa.
260 _a[Baní, República Dominicana :
_b[s.n.],
_c2007.
300 _a72 p. :
_bretrs. ;
_c21 cm.
590 _aLa biblioteca posee dos ejemplares autografíados por el autor.
650 0 _aPoblación rural
_97364
650 4 _aFamilias rurales
_xHistoria
_zRepública Dominicana
_97365
651 4 _aEl Carreton (Baní, República Dominicana)
_xPoblación rural
_xHistoria
_97363
700 1 _aRosa, Francis de la,
_ecorr. de estilo
_97366
910 _aJornada de catalogación
942 _2ddc
_cLBS1
999 _c2163
_d2163